The MALAYSIA book of records : special edition

Bibliographic Details
Other Authors: Yap
Format: Book
Published: Kuala Lumpur : R & D Communication , 2002
Subjects:

MARC

LEADER 00000cam a2200000 7i4500
001 0000002136
005 20060320.0
020 0 0 |a 9839949624 
090 0 0 |a R030.9595   |b MAL 2002 
245 0 4 |a The MALAYSIA book of records :   |b special edition   |c editor C.K. Yap 
260 0 0 |a Kuala Lumpur :   |b R & D Communication ,   |c 2002 
300 |a 387 p. :   |b col. ill. ;   |c 31cm. 
650 0 0 |a Curiosities and wonders   |z Malaysia 
650 0 0 |a World records   |z Malaysia 
700 0 1 |a Yap   |h C.K. 
998 |a JPSM 
999 |a 0000003533   |b Monograph   |c Reference   |e Default branch